Lágrimas y sonrisas. la procesión /
Guardado en:
| Autor Principal: | |
|---|---|
| Formato: | Libro |
| Publicado: |
Barcelona :
Edicomunicación,
1997
|
| Series: | Fontana
|
| Materias: | |
| Etiquetas: |
Agregar Etiqueta
Sin Etiquetas, Sea el primero en etiquetar este registro!
|
| LEADER | 00706nam a22002415a 4500 | ||
|---|---|---|---|
| 001 | CEM.cems014187 | ||
| 005 | 20140219192058.0 | ||
| 008 | 130507s1997##################000#0#####d | ||
| 003 | CEMS | ||
| 020 | |a 847672845X | ||
| 082 | 0 | 4 | |a 892.7 |
| 100 | 1 | |a Gibran, Khalil | |
| 245 | 1 | 0 | |a Lágrimas y sonrisas. la procesión / |c Khalil Gibran |
| 260 | |a Barcelona : |b Edicomunicación, |c 1997 | ||
| 300 | |a 126 p. | ||
| 490 | 0 | |a Fontana | |
| 500 | |a Traducción de Fath Al-santott.prólogo y presentación de Francesc L. Cardona | ||
| 653 | |a Literatura libanesa | ||
| 653 | |a Narración | ||
| 653 | |a Cuentos | ||
| 653 | |a Relatos | ||
| 653 | |a Poesía | ||
| 859 | |a CEMS |b BIB. CEMS - 11 de abril |h 892.7 |i G356 |p 26755.14 |t Ej.1 | ||
